000 00423nam a22001577a 4500
005 20170802104902.0
008 170802b xxu||||| |||| 00| 0 eng d
020 _a9694040200
040 _cPK-LaUMT
082 _aZIAC 297.08
_bARI-M
100 _aArifa Farid
245 _aMuslim woman in world religions perspective/
_cArifa Farid
260 _aKarachi:
_bBureau of composition,
_c1994
300 _a148 p.
942 _cBK
999 _c96217
_d96217